000 00654nam a2200241Ia 4500
003 OSt
005 20220918174326.0
006 a|||||r|||| 00| 0
007 ta
008 220917b |||||||| |||| 00| 0 eng d
024 _a11,604
037 _cTextual
040 _aARTS
_cARTS
_beng
041 _2eng
_aeng
082 _a/\:8y7NJU, L1
100 _aCastaneda Carlos
_949994
245 0 _aSeparate reality
_b Further conversations with Don John
260 _aLondon
_bBodley Head
_c1971
300 _a317p.
_ccm.
650 _aSPIRITUALISM
942 _h/\:8y7NJU, L1
_cTEXL
_2CC
999 _c152692
_d152692